Statistics for Every DreamWorks Animated Movie

Click here to take the quiz!

General Stats

  • This quiz has been taken 19 times
  • The average score is 24 of 43

Answer Stats

HintAnswer% Correct
2001Shrek
100%
2004Shrek 2
100%
2007Shrek the Third
93%
2010Shrek Forever After
87%
2010How to Train Your Dragon
80%
2011Puss in Boots
80%
2014How to Train Your Dragon 2
73%
2005Madagascar
73%
2022Puss in Boots: The Last Wish
73%
1998Antz
67%
2008Kung Fu Panda
67%
2008Madagascar: Escape 2 Africa
67%
2011Kung Fu Panda 2
60%
2016Kung Fu Panda 3
60%
2010Megamind
60%
2002Spirit: Stallion of the Cimarron
60%
2017The Boss Baby
60%
2021The Boss Baby: Family Business
60%
2016Trolls
60%
2012Madagascar 3: Europe's Most Wanted
53%
2009Monsters vs Aliens
53%
2013The Croods
53%
1998The Prince of Egypt
53%
2000The Road to El Dorado
53%
2020Trolls World Tour
53%
2007Bee Movie
47%
2000Chicken Run
47%
2015Home
47%
2006Over The Hedge
47%
2014Penguins of Madagascar
47%
2012Rise of the Guardians
47%
2022The Bad Guys
47%
2020The Croods: A New Age
47%
2006Flushed Away
40%
2019How to Train Your Dragon: The Hidden World
40%
2004Shark Tale
40%
2013Turbo
40%
2005Wallace and Gromit: The Curse of the Were-Rabbit
40%
2014Mr. Peabody and Sherman
33%
2003Sinbad: Legend of the Seven Seas
33%
2021Spirit Untamed
33%
2019Abominable
27%
2017Captain Underpants: The First Epic Movie
20%

Score Distribution

Percentile by Number Answered

Percent of People with Each Score

Your Score History

You have not taken this quiz